High street vacancies rise to 11% (Record no. 82423)

MARC details
000 -LEADER
fixed length control field 00912cam a22001935a 4500
001 - CONTROL NUMBER
control field L150213
008 - FIXED-LENGTH DATA ELEMENTS--GENERAL INFORMATION
fixed length control field 100614e2010 xxk 000 0 eng d
035 ## - SYSTEM CONTROL NUMBER
System control number (Sirsi) u150213
041 0# - LANGUAGE CODE
Language code of text/sound track or separate title eng
110 2# - MAIN ENTRY--CORPORATE NAME
Corporate name or jurisdiction name as entry element Property Week
9 (RLIN) 1549
245 00 - TITLE STATEMENT
Title High street vacancies rise to 11%
260 ## - PUBLICATION, DISTRIBUTION, ETC.
Date of publication, distribution, etc. 2010
490 #0 - SERIES STATEMENT
Series statement Property Week
Volume/sequential designation 76(22) 4 June 2010, 36(1)
520 ## - SUMMARY, ETC.
Summary, etc. The average availability rate across some of Great Britain's top streets was 11.1% at 1 May 2010 according to Cushman and Wakefield's latest research, a fall from 12.2% in 2009. The market feels that retail availability is declining but this is not yet reflected by the statistics. Availability as a consequence of administrations is a diminishing factor and shopping centre availability appears to be lower.
590 ## - LOCAL NOTE (RLIN)
Local note KA
651 #4 - SUBJECT ADDED ENTRY--GEOGRAPHIC NAME
Geographic name United Kingdom
Chronological subdivision
690 ## - LOCAL SUBJECT ADDED ENTRY--TOPICAL TERM (OCLC, RLIN)
Topical term or geographic name as entry element PROPERTY-COMMERCIAL PROPERTY-COMMERCIAL PROPERTY MARKET
942 ## - ADDED ENTRY ELEMENTS (KOHA)
Suppress in OPAC 0
Holdings
Withdrawn status Lost status Source of classification or shelving scheme Damaged status Not for loan Home library Current library Shelving location Date acquired Total Checkouts Full call number Barcode Date last seen Copy number Price effective from Koha item type
    Dewey Decimal Classification     London London Journal article 14/06/2010   L150213 150213-1001 06/08/2019 1 06/08/2019 Journal article